Statistics for Guess the TV Show from it's Set

Click here to take the quiz!

General Stats

  • This quiz has been taken 107 times
  • The average score is 6 of 11

Answer Stats

Answer% Correct
FRIENDS
97%
The Simpsons
94%
Family Guy
88%
The Big Bang Theory
71%
Cheers
56%
Brooklyn Nine-Nine
43%
Seinfeld
41%
The Fresh Prince of Bel-Air
40%
Modern Family
35%
NCIS
20%
Downton Abbey
14%

Score Distribution

Percentile by Number Answered

Percent of People with Each Score

Your Score History

You have not taken this quiz